Marketing for higher awards (Бичлэгийн дугаар. 145911)
| 000 -УДИРДЛАГА | |
|---|---|
| Удирдлага | 01761nam a22003377a 4500 |
| 003 - ХЯНАЛТЫН ТОО ТОДОРХОЙЛОГЧ | |
| Код | MN-UlNUM |
| 005 - БИЧИЛТ ХИЙСЭН ОГНОО | |
| Тухайн бичилтийг бичсэн засварласан сүүлийн огноо | 20251212102739.0 |
| 008 - ЕРӨНХИЙ МЭДЭЭЛЭЛ | |
| Ерөнхий мэдээлэл | 251212s1999 enkad 001 0 eng d |
| 020 ## - ISBN | |
| ISBN | 043545529X |
| -- | 0435455293 |
| 040 ## - БИЧЛЭГ ҮҮСГЭГЧ БАЙГУУЛЛАГА | |
| Бичлэг үүсгэгч номын сангийн код | МУИС-ийн номын сан |
| 084 ## - ББК АНГИЛАЛ | |
| Нэмэлт тусгалт | Сурах бичиг |
| ББК ангилал | 65.290-2 |
| Зохиогчийн гурван тэмдэгт | N 34 |
| Мэдлэгийн ялгаа | 65 - Эдийн засаг |
| 100 ## - ЗОХИОГЧ | |
| Зохиогчийн нэр | Needham, Dave |
| 245 ## - ҮНДСЭН ГАРЧИГ | |
| Номын нэр | Marketing for higher awards |
| 260 ## - ГАРАЛТЫН МЭДЭЭ | |
| Хэвлэгдсэн газар | Oxford, England |
| Хэвлэлийн газар | Butterworth-Heinemann |
| Хэвлэгдсэн он | 1999 |
| 300 ## - МАТЕРИАЛЫН ТОДОРХОЙЛОЛТ | |
| хуудасны тоо | iv, 380 p. : |
| Бусад тоон мэдээлэл | ill., charts, diagrs., graphs |
| 500 ## - Тайлбар | |
| Дансны дугаар | БС 4347 |
| 505 ## - Агуулгын тэмдэглэгээ | |
| Агуулгын тэмдэглэгээ | This core textbook is completely matched to the revised specifications for the BTEC Higher National Certificate and Diploma awards for Business and Marketing. This single volume gives your students all the information and theory they need to cover this option route. The units are matched to the structure for the BTEC awards.Discussion points and tasks in each chapter reinforce the marketing theory and help students understand the subject.Contemporary case studies show the students how marketing really can work for businesses.References from current academic research and journals support the theory in the textbook.Further reading lists with plenty of references give students the opportunity to pursue particular areas.Deeper analysis of marketing concepts appropriate to this level of study makes this text ideal for CIM and other marketing course. |
| 546 ## - ХЭЛНИЙ ТУХАЙ МЭДЭЭ | |
| Хэл | Англи хэл дээр, |
| 653 ## - Түлхүүр үг | |
| Түлхүүр үг | marketing |
| 653 ## - Түлхүүр үг | |
| Түлхүүр үг | ethic |
| 700 ## - ХАМ ЗОХИОГЧИД | |
| Ба бус | Dransfield, Rob |
| 700 ## - ХАМ ЗОХИОГЧИД | |
| Ба бус | Shaw, Mark |
| 700 ## - ХАМ ЗОХИОГЧИД | |
| Ба бус | Fooley, David |
| 740 ## - НОМЫН ГАРЧИГ | |
| Гарчиг | Marketing |
| 740 ## - НОМЫН ГАРЧИГ | |
| Гарчиг | Market intelligence |
| 740 ## - НОМЫН ГАРЧИГ | |
| Гарчиг | Advertising and promotion |
| 740 ## - НОМЫН ГАРЧИГ | |
| Гарчиг | Marketing planning |
| 942 ## - ЭЛЕМЕНТИЙН ТӨРӨЛ | |
| Зүйлийн төрөл | Ном |
